[Event "Wch U18 Girls"]
[Site "Montesilvano"]
[Date "2023.11.21"]
[Round "8"]
[White "Latifah, Darmaki"]
[Black "Alexandrova, Angelina"]
[Result "1/2-1/2"]
[WhiteElo "1367"]
[BlackElo "1814"]
[PlyCount "66"]
[EventDate "2023.11.13"]
[EventType "swiss"]
[EventRounds "11"]
[EventCountry "ITA"]
[SourceTitle "CB48_2023"]
[SourceDate "2023.11.29"]
[SourceVersion "1"]
[SourceVersionDate "2023.11.29"]
[SourceQuality "1"]

1. e4 e6 2. d4 d5 3. Bd3 dxe4 4. Bxe4 Nf6 5. Bf3 c5 6. Ne2 Nc6 7. Be3 cxd4 8. Nxd4 Ne5 9. Nc3 Be7 10. Ndb5 0-0 11. Qxd8 Nxf3+ 12. gxf3 Rxd8 13. Nc7 Bd7 14. Nxa8 Rxa8 15. Ke2 Bb4 16. Bd4 Rc8 17. Rhg1 Kf8 18. a3 Bd6 19. h4 b6 20. Rad1 e5 21. Bxb6 Bxa3 22. bxa3 axb6 23. Kd2 Rc4 24. Rb1 Rc6 25. Rge1 Re6 26. Rb4 Ke7 27. Reb1 Rd6+ 28. Ke2 Rc6 29. Kd2 Rd6+ 30. Kc1 Rc6 31. Kd2 Rd6+ 32. Ke3 Rc6 33. Kd2 Rd6+ 1/2-1/2

[Event "Wch U18 Girls"]
[Site "Montesilvano"]
[Date "2023.11.17"]
[Round "5"]
[White "Alexandrova, Angelina"]
[Black "Darweeche, Roaa"]
[Result "1/2-1/2"]
[WhiteElo "1814"]
[BlackElo "1406"]
[PlyCount "25"]
[EventDate "2023.11.13"]
[EventType "swiss"]
[EventRounds "11"]
[EventCountry "ITA"]
[SourceTitle "CB48_2023"]
[SourceDate "2023.11.29"]
[SourceVersion "1"]
[SourceVersionDate "2023.11.29"]
[SourceQuality "1"]

1. e4 c5 2. c3 d5 3. exd5 Qxd5 4. d4 Nc6 5. Nf3 Nf6 6. Na3 Bg4 7. Be2 cxd4 8. cxd4 0-0-0 9. Be3 Kb8 10. Bc1 Kc8 11. Be3 Kb8 12. Bc1 Kc8 13. Be3 1/2-1/2

[Event "HUN-chT U18"]
[Site "Budapest"]
[Date "2022.11.02"]
[Round "4.3"]
[White "Alexandrova, Angelina"]
[Black "Szakmary, Domonkos"]
[Result "1-0"]
[WhiteElo "1867"]
[BlackElo "1862"]
[PlyCount "47"]
[EventDate "2022.10.31"]
[EventType "team-swiss"]
[EventRounds "7"]
[EventCountry "HUN"]
[SourceTitle "CBM 211 Extra"]
[Source "ChessBase"]
[SourceDate "2023.01.31"]
[SourceVersion "1"]
[SourceVersionDate "2023.01.31"]
[SourceQuality "1"]
[WhiteTeam "Tapolca VSE"]
[BlackTeam "Biatorbagy"]
[WhiteTeamCountry "HUN"]
[BlackTeamCountry "HUN"]

1. e4 d6 2. d4 Nf6 3. Nc3 e5 4. Nf3 Nbd7 5. Bc4 Be7 6. 0-0 c6 7. a4 h6 8. a5 Qc7 9. Qe2 Rb8 10. d5 Nf8 11. Be3 Ra8 12. Rfd1 g5 13. Qd3 Ng6 14. dxc6 bxc6 15. b4 Bg4 16. b5 Bxf3 17. gxf3 Qc8 18. bxc6 Nh4 19. Qf1 Nxf3+ 20. Kh1 Ng4 21. Ba6 Qd8 22. Nd5 Rc8 23. Bxc8 Qxc8 24. c7 1-0

[Event "Nova Gorica op-A 26th"]
[Site "Nova Gorica"]
[Date "2022.09.21"]
[Round "8"]
[White "Alexandrova, Angelina"]
[Black "Centrih, Aleks"]
[Result "0-1"]
[WhiteElo "1842"]
[BlackElo "2095"]
[PlyCount "44"]
[EventDate "2022.09.16"]
[EventType "swiss"]
[EventRounds "9"]
[EventCountry "SLO"]
[SourceTitle "CBM 210 Extra"]
[Source "ChessBase"]
[SourceDate "2022.11.30"]
[SourceVersion "1"]
[SourceVersionDate "2022.11.30"]
[SourceQuality "1"]

1. e4 e5 2. Nf3 Nc6 3. Bb5 a6 4. Bxc6 dxc6 5. 0-0 Bg4 6. h3 Bh5 7. g4 Bg6 8. Nxe5 Qh4 9. Qf3 f6 10. Nxg6 hxg6 11. Kg2 g5 12. Rh1 Ne7 13. Qg3 Qh7 14. d3 0-0-0 15. f4 Ng6 16. fxg5 Bd6 17. Qf2 Rhf8 18. Qa7 Qh4 19. Qf2 fxg5 20. Qxh4 Nxh4+ 21. Kg1 Bc5+ 22. Kh2 Rf2+ 0-1

[Event "Nova Gorica op-A 26th"]
[Site "Nova Gorica"]
[Date "2022.09.17"]
[Round "2"]
[White "Alexandrova, Angelina"]
[Black "Oestmann, Lukas"]
[Result "1-0"]
[WhiteElo "1842"]
[BlackElo "1620"]
[PlyCount "89"]
[EventDate "2022.09.16"]
[EventType "swiss"]
[EventRounds "9"]
[EventCountry "SLO"]
[SourceTitle "CBM 210 Extra"]
[Source "ChessBase"]
[SourceDate "2022.11.30"]
[SourceVersion "1"]
[SourceVersionDate "2022.11.30"]
[SourceQuality "1"]

1. Nf3 Nf6 2. g3 g6 3. Bg2 Bg7 4. 0-0 0-0 5. c4 d6 6. d4 c5 7. Nc3 a6 8. dxc5 dxc5 9. Qb3 Nc6 10. Rd1 Qc7 11. Na4 Nd7 12. Bg5 b5 13. cxb5 axb5 14. Nc3 b4 15. Nd5 Qa7 16. Bxe7 Re8 17. Ng5 Nxe7 18. Nc7 Rf8 19. Nxa8 Ne5 20. a3 c4 21. Qxb4 N7c6 22. Qb6 Qxa8 23. f4 Qa4 24. fxe5 Nxe5 25. Rd8 Bf5 26. Qd6 Qa7+ 27. Kh1 Ng4 28. Nh3 Ne3 29. Rxf8+ Bxf8 30. Qc6 Bd7 31. Qf3 Nxg2 32. Kxg2 Qb6 33. Ng5 Bc6 34. e4 f5 35. Qc3 Qb5 36. Rc1 fxe4 37. Qxc4+ Qxc4 38. Rxc4 Bd5 39. Rd4 Bc6 40. Nxe4 Bg7 41. Rc4 Bd5 42. Rb4 Bf8 43. Rd4 Bc6 44. Kf3 Bg7 45. Rd2 1-0

[Event "Nova Gorica op-A 26th"]
[Site "Nova Gorica"]
[Date "2022.09.16"]
[Round "1"]
[White "Schloffer, Jasmin Denise"]
[Black "Alexandrova, Angelina"]
[Result "1-0"]
[WhiteElo "2127"]
[BlackElo "1842"]
[PlyCount "67"]
[EventDate "2022.09.16"]
[EventType "swiss"]
[EventRounds "9"]
[EventCountry "SLO"]
[SourceTitle "CBM 210 Extra"]
[Source "ChessBase"]
[SourceDate "2022.11.30"]
[SourceVersion "1"]
[SourceVersionDate "2022.11.30"]
[SourceQuality "1"]

1. d4 d5 2. c4 c6 3. cxd5 cxd5 4. Bf4 Nc6 5. Nc3 a6 6. Nf3 g6 7. e3 Bg7 8. Rc1 Nf6 9. Bd3 0-0 10. 0-0 Nh5 11. Bg5 Qd6 12. Qb3 Be6 13. Na4 Nb4 14. Bb1 Rfb8 15. a3 b5 16. Nc5 Nc6 17. Nxe6 fxe6 18. Qc3 Rb6 19. g4 Nf6 20. Bf4 Qd7 21. h3 b4 22. Qc5 Qb7 23. axb4 Nd7 24. Qc3 Nxb4 25. Qc7 a5 26. Rc3 Na6 27. Qxb7 Rxb7 28. b3 Nac5 29. Bc2 Ne4 30. Rc6 Ndf6 31. Rc1 Kf7 32. Ne5+ Ke8 33. Bxe4 Nxe4 34. Rc8+ 1-0

[Event "HUN-chT U18"]
[Site "Budapest"]
[Date "2021.10.27"]
[Round "7.28"]
[White "Alexandrova, Angelina"]
[Black "Forgacs, Andras"]
[Result "1/2-1/2"]
[WhiteElo "1782"]
[BlackElo "1888"]
[PlyCount "103"]
[EventDate "2021.10.24"]
[EventType "team-tourn"]
[EventRounds "7"]
[EventCountry "HUN"]
[SourceTitle "CBM 205 Extra"]
[Source "ChessBase"]
[SourceDate "2022.01.31"]
[SourceVersion "1"]
[SourceVersionDate "2022.01.31"]
[SourceQuality "1"]

1. e4 c6 2. Nf3 d5 3. Nc3 Bg4 4. h3 Bxf3 5. Qxf3 e6 6. d3 d4 7. Ne2 e5 8. Qg3 Nd7 9. f4 f6 10. Qf3 Bb4+ 11. c3 dxc3 12. bxc3 Bc5 13. Be3 Bxe3 14. Qxe3 exf4 15. Nxf4 Qb6 16. d4 Qb2 17. Qc1 Qxc1+ 18. Rxc1 Nb6 19. Be2 g5 20. Nh5 0-0-0 21. 0-0 Re8 22. Bd3 Nd7 23. Rf2 Re7 24. Rcf1 h6 25. c4 c5 26. d5 Ne5 27. Be2 Nd7 28. Bg4 Kc7 29. Bxd7 Kxd7 30. Re1 Rhh7 31. Nxf6+ Nxf6 32. Rxf6 Rhf7 33. Rxf7 Rxf7 34. e5 Rf4 35. e6+ Ke8 36. d6 Rd4 37. d7+ Ke7 38. Re5 b6 39. Rd5 Rxd5 40. cxd5 b5 41. d6+ Kd8 42. Kf2 b4 43. Ke2 c4 44. Kd2 a5 45. Kc2 a4 46. Kb1 h5 47. g3 g4 48. h4 b3 49. e7+ Kxd7 50. axb3 axb3 51. Kb2 Ke8 52. Kc1 1/2-1/2

[Event "Wch FIDE Online U14 Girls Europe qual"]
[Site "Tornelo INT"]
[Date "2020.12.08"]
[Round "3"]
[White "Karacsonyi, Kata"]
[Black "Alexandrova, Angelina"]
[Result "1-0"]
[WhiteElo "1785"]
[BlackElo "1560"]
[PlyCount "53"]
[EventDate "2020.12.07"]
[EventType "swiss (rapid)"]
[EventRounds "7"]
[EventCountry "ISS"]
[SourceTitle "EXT 2022"]
[Source "ChessBase"]
[SourceDate "2021.10.06"]
[SourceVersion "1"]
[SourceVersionDate "2021.10.06"]
[SourceQuality "1"]

1. e4 e6 2. b3 d5 3. Bb2 d4 4. f4 c5 5. Nf3 Bd6 6. g3 Bd7 7. c3 Nc6 8. cxd4 f6 9. e5 fxe5 10. dxe5 Be7 11. Nc3 Nh6 12. Bh3 a6 13. 0-0 b5 14. Ne4 0-0 15. Nfg5 Nf5 16. Rc1 Qb6 17. Kh1 Ncd4 18. Bg2 b4 19. Nf3 Bc6 20. Nxd4 Nxd4 21. Bxd4 cxd4 22. d3 Rac8 23. Qg4 Bd5 24. Ng5 Rxc1 25. Rxc1 Bxg5 26. Bxd5 Bd8 27. Qxe6+ 1-0

[Event "HUN-ch U14 Girls"]
[Site "Budapest"]
[Date "2020.10.30"]
[Round "9"]
[White "Javorek, Janka"]
[Black "Alexandrova, Angelina"]
[Result "1-0"]
[WhiteElo "1560"]
[BlackElo "1833"]
[PlyCount "39"]
[EventDate "2020.10.24"]
[EventType "tourn"]
[EventRounds "9"]
[EventCountry "HUN"]
[SourceTitle "CBM 199 Extra"]
[Source "ChessBase"]
[SourceDate "2021.01.31"]
[SourceVersion "1"]
[SourceVersionDate "2021.01.31"]
[SourceQuality "1"]

1. d4 d5 2. c4 c6 3. Nc3 Nf6 4. Nf3 e6 5. Bg5 h6 6. Bh4 dxc4 7. e3 b5 8. a4 g5 9. Bg3 b4 10. Nb1 c3 11. bxc3 bxc3 12. Qb3 Qa5 13. Bxb8 Bb4 14. Be5 Ne4 15. Qc2 Nd2 16. Bxh8 e5 17. Nxe5 Bf5 18. Bd3 Bxd3 19. Nxd3 Qf5 20. Nxb4 1-0

[Event "HUN-ch U14 Girls"]
[Site "Budapest"]
[Date "2020.10.27"]
[Round "5"]
[White "Vicze, Kata"]
[Black "Alexandrova, Angelina"]
[Result "0-1"]
[WhiteElo "1854"]
[BlackElo "1833"]
[PlyCount "76"]
[EventDate "2020.10.24"]
[EventType "tourn"]
[EventRounds "9"]
[EventCountry "HUN"]
[SourceTitle "CBM 199 Extra"]
[Source "ChessBase"]
[SourceDate "2021.01.31"]
[SourceVersion "1"]
[SourceVersionDate "2021.01.31"]
[SourceQuality "1"]

1. e4 e6 2. d4 d5 3. exd5 exd5 4. Nf3 Bd6 5. c4 dxc4 6. Bxc4 Nf6 7. 0-0 0-0 8. Nc3 Bg4 9. h3 Bh5 10. g4 Bg6 11. Ne5 Nc6 12. f4 Nxg4 13. hxg4 Qh4 14. Rf2 Rad8 15. Nxc6 bxc6 16. f5 Bc5 17. Qf3 Rxd4 18. Be2 Rxg4+ 19. Qxg4 Qxf2+ 20. Kh1 Bxf5 21. Qg2 Qh4+ 22. Qh2 Qe1+ 23. Kg2 Re8 24. Be3 Qxa1 25. Bxc5 Qxb2 26. Qg3 Rxe2+ 27. Nxe2 Qxe2+ 28. Bf2 Qg4 29. Bxa7 Qxg3+ 30. Kxg3 Bc2 31. Bb8 f5 32. Bxc7 Kf7 33. Kf4 h6 34. Ke5 g5 35. Bb6 f4 36. Bd8 f3 37. Bb6 h5 38. Be3 h4 0-1

[Event "HUN-ch U14 Girls"]
[Site "Budapest"]
[Date "2020.10.24"]
[Round "1"]
[White "Alexandrova, Angelina"]
[Black "Molnar, Lidia Emilia"]
[Result "1-0"]
[WhiteElo "1833"]
[BlackElo "1401"]
[PlyCount "47"]
[EventDate "2020.10.24"]
[EventType "tourn"]
[EventRounds "9"]
[EventCountry "HUN"]
[SourceTitle "CBM 199 Extra"]
[Source "ChessBase"]
[SourceDate "2021.01.31"]
[SourceVersion "1"]
[SourceVersionDate "2021.01.31"]
[SourceQuality "1"]

1. Nf3 d5 2. d4 Nf6 3. c4 c6 4. g3 dxc4 5. Bg2 Nbd7 6. 0-0 Nb6 7. Ne5 Nfd5 8. Qc2 e6 9. a3 Be7 10. Nxc4 Nxc4 11. Qxc4 Nb6 12. Qc2 0-0 13. Rd1 Re8 14. Nc3 Bd7 15. Be4 h6 16. Bf4 Bg5 17. Kh1 Rc8 18. Bh7+ Kh8 19. Ne4 f5 20. Bxf5 exf5 21. Nd6 Bxf4 22. Nf7+ Kg8 23. Nxd8 Bg5 24. Nxb7 1-0

[Event "Zalakaros Barczay Memorial"]
[Site "Zalakaros"]
[Date "2020.08.31"]
[Round "1"]
[White "Alexandrova, Angelina"]
[Black "Dobos, Jozsef"]
[Result "1/2-1/2"]
[WhiteElo "1825"]
[BlackElo "2254"]
[PlyCount "44"]
[EventDate "2020.08.31"]
[EventType "swiss"]
[EventRounds "7"]
[EventCountry "HUN"]
[SourceTitle "CBM 198 Extra"]
[Source "ChessBase"]
[SourceDate "2020.11.30"]
[SourceVersion "1"]
[SourceVersionDate "2020.11.30"]
[SourceQuality "1"]

1. Nf3 g6 2. e4 Bg7 3. Nc3 c5 4. Bc4 Nc6 5. 0-0 d6 6. a3 Nf6 7. d4 cxd4 8. Nxd4 0-0 9. Bg5 h6 10. Bh4 Nxd4 11. Qxd4 Be6 12. Bxe6 fxe6 13. e5 dxe5 14. Qxe5 Qd6 15. Rfe1 Qxe5 16. Rxe5 Nd5 17. Rxe6 Nxc3 18. bxc3 g5 19. Bg3 Kf7 20. Rae1 Bf6 21. R6e3 Rfd8 22. Be5 Rd7 1/2-1/2

[Event "SVK-ch Amateur"]
[Site "Topolcany"]
[Date "2020.07.10"]
[Round "1"]
[White "Oprea, Erik"]
[Black "Alexandrova, Angelina"]
[Result "1-0"]
[WhiteElo "2143"]
[BlackElo "1839"]
[PlyCount "65"]
[EventDate "2020.07.10"]
[EventType "swiss"]
[EventRounds "7"]
[EventCountry "SVK"]
[SourceTitle "EXT 2021"]
[Source "ChessBase"]
[SourceDate "2020.10.23"]
[SourceVersion "1"]
[SourceVersionDate "2020.10.23"]
[SourceQuality "1"]

1. d4 Nf6 2. c4 e6 3. a3 d5 4. Nf3 c5 5. e3 b6 6. cxd5 Nxd5 7. Ne5 Bd6 8. Bb5+ Bd7 9. Nxd7 Nxd7 10. Nc3 Nxc3 11. bxc3 cxd4 12. Qxd4 Ke7 13. 0-0 Be5 14. Qb4+ Nc5 15. Bb2 Qc7 16. Rfd1 a5 17. Qh4+ Bf6 18. Qc4 Rhd8 19. a4 Rd6 20. Rxd6 Qxd6 21. Ba3 Rc8 22. g3 Qd5 23. Qe2 Rd8 24. e4 Qd2 25. e5 Bg5 26. Qc4 Qd5 27. Qe2 Qd2 28. Qf3 Qd5 29. Qh5 Bh6 30. Qh4+ Kf8 31. Be2 Qa8 32. Rb1 Qb8 33. Bxc5+ 1-0

[Event "HUN-chT2 Szechenyi 1718"]
[Site "Hungary"]
[Date "2018.03.04"]
[Round "7.12"]
[White "Alexandrova, Angelina"]
[Black "Egri, Zsolt"]
[Result "0-1"]
[WhiteElo "1585"]
[BlackElo "1660"]
[PlyCount "114"]
[EventDate "2017.10.29"]
[EventType "team-tourn"]
[EventRounds "9"]
[EventCountry "HUN"]
[SourceTitle "EXT 2021"]
[Source "ChessBase"]
[SourceDate "2020.10.23"]
[SourceVersion "1"]
[SourceVersionDate "2020.10.23"]
[SourceQuality "1"]
[WhiteTeam "Keszthely Spartacus"]
[BlackTeam "Sarvar"]
[WhiteTeamCountry "HUN"]
[BlackTeamCountry "HUN"]

1. e4 e5 2. Nf3 Nc6 3. Bb5 a6 4. Bxc6 dxc6 5. 0-0 Bg4 6. h3 Bxf3 7. Qxf3 Bd6 8. d3 h6 9. Be3 Qf6 10. Nd2 Qxf3 11. Nxf3 c5 12. c3 Ne7 13. d4 cxd4 14. cxd4 exd4 15. Bxd4 f6 16. Rfe1 0-0 17. e5 fxe5 18. Bxe5 Bxe5 19. Nxe5 Nd5 20. Rad1 c6 21. Rd2 Rfe8 22. Rde2 Re7 23. Ng6 Rxe2 24. Rxe2 Rd8 25. Rd2 Kf7 26. Ne5+ Kf6 27. Ng4+ Kf5 28. Ne3+ Ke4 29. Re2 Kd3 30. Re1 Nxe3 31. Rxe3+ Kc2 32. Re7 b5 33. b3 Kb2 34. Re2+ Ka3 35. g4 Rd6 36. f4 c5 37. Re7 Kxa2 38. Rxg7 Kxb3 39. f5 c4 40. Rg6 Rd1+ 41. Kh2 c3 42. Rxh6 c2 43. Rc6 c1Q 44. Rxc1 Rxc1 45. f6 Rf1 46. g5 Rf5 47. h4 Ka4 48. Kg3 b4 49. Kg4 Rf1 50. g6 Rxf6 51. h5 b3 52. g7 Rf1 53. Kh4 Rg1 54. h6 b2 55. h7 b1Q 56. h8Q Qe4+ 57. Kh5 Qf5+ 0-1

[Event "HUN-chT2 Szechenyi 1718"]
[Site "Hungary"]
[Date "2017.12.03"]
[Round "3.12"]
[White "Somogyi, Barbara"]
[Black "Alexandrova, Angelina"]
[Result "1-0"]
[WhiteElo "1417"]
[BlackElo "1585"]
[PlyCount "71"]
[EventDate "2017.10.29"]
[EventType "team-tourn"]
[EventRounds "9"]
[EventCountry "HUN"]
[SourceTitle "EXT 2021"]
[Source "ChessBase"]
[SourceDate "2020.10.23"]
[SourceVersion "1"]
[SourceVersionDate "2020.10.23"]
[SourceQuality "1"]
[WhiteTeam "Ajka ASSE"]
[BlackTeam "Keszthely Spartacus"]
[WhiteTeamCountry "HUN"]
[BlackTeamCountry "HUN"]

1. e4 e6 2. Qe2 Nf6 3. g3 Bc5 4. Bg2 e5 5. Nf3 Nc6 6. c3 0-0 7. 0-0 d6 8. d3 Be6 9. Be3 Qe7 10. d4 Na5 11. dxc5 Bc4 12. cxd6 Qxd6 13. Qd2 Bxf1 14. Qxd6 cxd6 15. Kxf1 Nc4 16. Bc1 Rfe8 17. Nbd2 Nxd2+ 18. Nxd2 Rad8 19. c4 Nd7 20. b3 b6 21. Ba3 Nc5 22. Ke2 g6 23. Rd1 f5 24. f3 Ne6 25. Bb2 Rf8 26. Rf1 Rde8 27. Nb1 Nc5 28. Nc3 Rd8 29. Ba3 Ne6 30. Nd5 Nd4+ 31. Kd3 Kf7 32. f4 Ke6 33. fxe5 Kxe5 34. exf5 Rxf5 35. Re1+ Ne2 36. Rxe2# 1-0

[Event "HUN-chT2 Szechenyi 1718"]
[Site "Hungary"]
[Date "2017.11.26"]
[Round "2.12"]
[White "Alexandrova, Angelina"]
[Black "Halaszi, Csaba Peter"]
[Result "1-0"]
[WhiteElo "1585"]
[BlackElo "1570"]
[PlyCount "83"]
[EventDate "2017.10.29"]
[EventType "team-tourn"]
[EventRounds "9"]
[EventCountry "HUN"]
[SourceTitle "EXT 2021"]
[Source "ChessBase"]
[SourceDate "2020.10.23"]
[SourceVersion "1"]
[SourceVersionDate "2020.10.23"]
[SourceQuality "1"]
[WhiteTeam "Keszthely Spartacus"]
[BlackTeam "Ajka Banyasz"]
[WhiteTeamCountry "HUN"]
[BlackTeamCountry "HUN"]

1. e4 e5 2. Nf3 Nc6 3. Bb5 Nge7 4. d4 exd4 5. Nxd4 Ng6 6. 0-0 Qf6 7. Nf3 Nce5 8. Nxe5 Qxe5 9. Nc3 Bb4 10. Nd5 Ba5 11. Bd3 c6 12. Ne3 0-0 13. Nc4 Qc7 14. Nxa5 Qxa5 15. Be3 Ne7 16. Bc4 Qe5 17. Qd4 Qxd4 18. Bxd4 d6 19. Rad1 Be6 20. Bb3 Bxb3 21. axb3 f5 22. Rfe1 Rfd8 23. c4 Kf7 24. h3 fxe4 25. Rxe4 d5 26. Rf4+ Kg8 27. Bc5 Ng6 28. Rfd4 b6 29. Ba3 c5 30. Rxd5 Re8 31. b4 cxb4 32. Bxb4 Rac8 33. b3 Ne5 34. Bc3 Nc6 35. Rd7 Re7 36. Rxe7 Nxe7 37. Rd7 Nc6 38. Rxg7+ Kf8 39. Rxh7 Ke8 40. Rh8+ Kd7 41. Rxc8 Kxc8 42. h4 1-0

[Event "Mosonmagyarovar op"]
[Site "Mosonmagyarovar"]
[Date "2017.09.30"]
[Round "4"]
[White "Alexandrova, Angelina"]
[Black "Paluska, Karol"]
[Result "1/2-1/2"]
[WhiteElo "1585"]
[BlackElo "1316"]
[PlyCount "78"]
[EventDate "2017.09.28"]
[EventType "swiss"]
[EventRounds "7"]
[EventCountry "HUN"]
[SourceTitle "EXT 2019"]
[Source "ChessBase"]
[SourceDate "2018.10.10"]
[SourceVersion "1"]
[SourceVersionDate "2018.10.10"]
[SourceQuality "1"]

1. e4 e5 2. Nf3 Nc6 3. Bb5 a6 4. Bxc6 dxc6 5. 0-0 Bd6 6. d4 exd4 7. Nxd4 Be5 8. c3 c5 9. Nf3 Qd6 10. Be3 Bg4 11. h3 Bh5 12. Nbd2 0-0-0 13. Qc2 Bxf3 14. Nxf3 Ne7 15. b4 cxb4 16. Nxe5 Qxe5 17. cxb4 g5 18. Rfc1 Rd7 19. a4 Kb8 20. b5 a5 21. Bd2 Rhd8 22. Bxa5 b6 23. Bb4 Qf4 24. a5 Rd2 25. Qxc7+ Qxc7 26. Rxc7 Rd1+ 27. Rxd1 Rxd1+ 28. Kh2 Kxc7 29. axb6+ Kxb6 30. Bxe7 h6 31. Bf8 h5 32. Be7 Rd4 33. f3 g4 34. hxg4 hxg4 35. Kg3 gxf3 36. gxf3 Kxb5 37. Kf4 Rd7 38. Bg5 Kc6 39. Kf5 Kc7 1/2-1/2

[Event "HUN-chT2 Szechenyi 1617"]
[Site "Hungary"]
[Date "2017.03.12"]
[Round "10.12"]
[White "Alexandrova, Angelina"]
[Black "Csuta, Laszlo"]
[Result "1/2-1/2"]
[WhiteElo "1447"]
[BlackElo "1471"]
[PlyCount "91"]
[EventDate "2016.09.25"]
[EventType "team-tourn"]
[EventRounds "11"]
[EventCountry "HUN"]
[SourceTitle "EXT 2021"]
[Source "ChessBase"]
[SourceDate "2020.10.23"]
[SourceVersion "1"]
[SourceVersionDate "2020.10.23"]
[SourceQuality "1"]
[WhiteTeam "Keszthely Spartacus"]
[BlackTeam "Papa"]
[WhiteTeamCountry "HUN"]
[BlackTeamCountry "HUN"]

1. e4 c5 2. c3 e6 3. d4 cxd4 4. cxd4 d5 5. exd5 Qxd5 6. Nf3 Ne7 7. Nc3 Qd8 8. Bc4 Nd5 9. Nxd5 exd5 10. Bd3 Bb4+ 11. Bd2 Qe7+ 12. Qe2 Qxe2+ 13. Kxe2 Bxd2 14. Kxd2 0-0 15. Rac1 Nc6 16. Bb5 Nd8 17. Rc5 Be6 18. Rhc1 f6 19. Rc7 Rf7 20. Rxf7 Kxf7 21. Rc7+ Kf8 22. Bd7 Bf7 23. Ne1 a6 24. Nd3 Ke7 25. Bg4+ Kf8 26. Nf4 g5 27. Nd3 h5 28. Bf5 b6 29. Nb4 a5 30. Nc6 Be6 31. Nxd8 Bxf5 32. Rc6 Rxd8 33. Rxf6+ Kg7 34. Rxf5 Kg6 35. Rf3 Rd6 36. b4 axb4 37. Rb3 Kf5 38. f3 g4 39. fxg4+ hxg4 40. Kd3 Kf4 41. Rxb4 Re6 42. Rb5 Re3+ 43. Kd2 Ra3 44. Rxb6 Rxa2+ 45. Kc3 Rxg2 46. Rh6 1/2-1/2

[Event "HUN-chT2 Szechenyi 1617"]
[Site "Hungary"]
[Date "2017.02.12"]
[Round "8.12"]
[White "Alexandrova, Angelina"]
[Black "Somogyi, Barbara"]
[Result "1-0"]
[WhiteElo "1447"]
[BlackElo "1385"]
[PlyCount "103"]
[EventDate "2016.09.25"]
[EventType "team-tourn"]
[EventRounds "11"]
[EventCountry "HUN"]
[SourceTitle "EXT 2021"]
[Source "ChessBase"]
[SourceDate "2020.10.23"]
[SourceVersion "1"]
[SourceVersionDate "2020.10.23"]
[SourceQuality "1"]
[WhiteTeam "Keszthely Spartacus"]
[BlackTeam "Ajka ASSE"]
[WhiteTeamCountry "HUN"]
[BlackTeamCountry "HUN"]

1. e4 e5 2. Nf3 Nc6 3. Bb5 Nf6 4. d4 Nxe4 5. 0-0 Nd6 6. Bxc6 dxc6 7. dxe5 Ne4 8. Qxd8+ Kxd8 9. Re1 Nc5 10. Nc3 Be7 11. Bg5 Bf5 12. Rad1+ Ke8 13. Bxe7 Kxe7 14. Nd4 Bg6 15. Nce2 h6 16. f4 Ne6 17. f5 Nxd4 18. Nxd4 Bh7 19. g4 a6 20. Kf2 c5 21. Nf3 Rad8 22. Ke3 g6 23. Kf4 Rhg8 24. f6+ Ke6 25. g5 h5 26. Nh4 Rd4+ 27. Rxd4 cxd4 28. Rd1 c5 29. Nf3 b5 30. c3 Rd8 31. cxd4 cxd4 32. Rxd4 Rxd4+ 33. Nxd4+ Kd5 34. Nc2 Ke6 35. Nb4 a5 36. Nc6 Bg8 37. Nxa5 Kd5 38. Nb3 Kc4 39. Ke4 b4 40. Nd2+ Kc5 41. a3 bxa3 42. bxa3 Kc6 43. a4 Kc5 44. Nb3+ Kc4 45. a5 Kb5 46. Kd5 Ka6 47. Kd6 Kb7 48. Ke7 Kc7 49. Kf8 Kd7 50. Kxg8 Kd8 51. Kxf7 Kd7 52. Kg7 1-0